Регионална библиотека "Любен Каравелов" - Русе

В залах московского пушкинского музея (Запис номер 444992)

MARC детайли
000 -Лидер
Контролно поле с фиксирана дължина 01652nam a2200313 a 4500
003 - Код на организацията, давaща контролен номер
Контролно поле BLK
005 - Дата и час на последна редакция
Контролно поле 20230715005315.0
008 - Елементи от данни с фиксирана дължина
fixed length control field 220215b bu |||||r|||| 00| | bu d
040 ## - Източник на каталожния запис
Идентификатор на билиотеката - собственик на записа BLK
041 ## - Код за език
Код за езика на текст/звукозапис или на отделно заглавие Руски
Код за езика КДБФ Руски
080 ## - УДК
Текстов определител УДК Музеи. Сбирки. Галерии. Постоянни изложби. Музеология Лит. върху спец.(отраслеви) музеи се класиф. в съответните отдели със съотношение, също и в 069.02
УДК код - определител по УДК 069
УДК определител (036)
УДК - код + определител 069(036)
080 ## - УДК
Текстов определител УДК Пушкин, Александр Сергеевич
УДК код - определител по УДК 929 Пушкин, Александр Сергеевич
УДК - код + определител 929 Пушкин, Александр Сергеевич
100 ## - Редна дума - Автор
R(LIN) 1299
Автор Муза, Елена Владимировна
Авторска отговорност първи автор
139 ## - Редно поле
Редна дума Муза, Елена Владимировна и др.
245 ## - Сведения за заглавието
Заглавие В залах московского пушкинского музея
Подзаглавни данни Путеводитель
Редно поле (дума) Е.В. Муза, С.Т. Овчинникова.
260 ## - Област на издателските данни
9 (RLIN) 431686
Място на издаване, разпространение и проч. Москва
Име на издателя, разпространителя и проч. Московский рабочий
Година на издаване 1982
300 ## - Физическа характеристика
Страници 79 с.
Илюстрации и др. с ил. и портр.
Размери/Мащаб 17 см
380 ## - Жанр
Жанр Общ отдел
490 ## - СЕРИИ (Колекции)
9 (RLIN) 470782
Име на серия Музеи и выставки Москвы и Подмосковья
600 #0 - Име на лице, използвано като предмет
За него / За нея Пушкин, Александр Сергеевич
Свързани дати 1799-1837
9 (RLIN) 262126
653 #7 - Ключова дума – ненормативна
9 (RLIN) 191489
Ключова дума музеи
653 #7 - Ключова дума – ненормативна
9 (RLIN) 195008
Ключова дума пътеводители
700 ## - Други автори (авторска отговорност)
Лично име Овчинникова, С.Т.
Автороска отговорност (Описва отношението между автора и произведението) съавт.
9 (RLIN) 1445
852 ## - Местоположение
Форматна сигнатура Цб І 20199
Фондова буква Хранилище
999 ## - СИСТЕМНИ КОНТРОЛНИ НОМЕРА
Koha biblionumber 444992
Koha biblioitemnumber 444992
942 ## - АРТИКУЛИ
Вид на библиотечния материал Книги
Скрит в OPAC Не
Периодичен библиозапис Да
944 ## - СЪЗДАВАНЕ И РЕДАКЦИЯ на ЗАПИСА
Създаване/Редакция Създаване
Дата на регистрацията/редакция 2022-02-15
Служител, извършил регистрацията/редакцията
Статус, дата на статуса CRON CRON
999 ## - СИСТЕМНИ КОНТРОЛНИ НОМЕРА
Koha biblioitemnumber 444992
999 ## - СИСТЕМНИ КОНТРОЛНИ НОМЕРА
Koha biblioitemnumber 444992
Наличности
Код за отписване Код за изгубен артикул Източник на класификационната схема Код за повреда Коз за рестрикции Код за отдаване Артикулен № Име на библиотеката - собственик Име на библиотеката, в която се намира в момента Статус (Текущо местоположение) Дата на вписване в системата Местоположение - отдел Цена в лева Инвентарен номер Систематично азбучна сигнатура Баркод Цена в евро Служебен тип на артикула
  Не е изгубен Universal Decimal Classification Не е повреден само за читалня ползва се в читалня 872189 Регионална библиотека "Любен Каравелов" Русе Регионална библиотека "Любен Каравелов" Русе Основен фонд - ползва се само за читалня 2022-02-15 Хранилище 0.20 370543 Цб I 20199 120000370543 0.10 Книги
Vip Innovations Ltd, Rousse, Bulgaria 2025